The Pocket oxford dictionary of current english / (Record no. 62333)

MARC details
000 -LEADER
fixed length control field 01087nam a2200337 a 4500
001 - CONTROL NUMBER
control field vtls000057724
003 - CONTROL NUMBER IDENTIFIER
control field NLI
005 - DATE AND TIME OF LATEST TRANSACTION
control field 20210601191328.0
008 - FIXED-LENGTH DATA ELEMENTS--GENERAL INFORMATION
fixed length control field 101125s1939 enk d 000 0 eng
039 #9 - LEVEL OF BIBLIOGRAPHIC CONTROL AND CODING DETAIL [OBSOLETE]
-- 201011250548
-- VLOAD
040 ## - CATALOGING SOURCE
Original cataloging agency NLI
Language of cataloging eng
Transcribing agency VTLS
Description conventions AACR2
041 0# - LANGUAGE CODE
Language code of text/sound track or separate title eng
044 ## - COUNTRY OF PUBLISHING/PRODUCING ENTITY CODE
MARC country code enk
082 04 - DEWEY DECIMAL CLASSIFICATION NUMBER
Classification number 423
245 04 - TITLE STATEMENT
Title The Pocket oxford dictionary of current english /
Statement of responsibility, etc. Compiled by F. G. Fowler & H. W. Fowler; revised by H. G. Le Mesurier
250 ## - EDITION STATEMENT
Edition statement 3rd rev. and enl. ed.
260 ## - PUBLICATION, DISTRIBUTION, ETC.
Place of publication, distribution, etc. London :
Name of publisher, distributor, etc. Clarendon Press,
Date of publication, distribution, etc. 1939
300 ## - PHYSICAL DESCRIPTION
Extent xvi, 1034 p. ;
Dimensions 17 cm.
650 #0 - SUBJECT ADDED ENTRY--TOPICAL TERM
Topical term or geographic name entry element English language
Form subdivision Dictionaries
9 (RLIN) 4016
650 #0 - SUBJECT ADDED ENTRY--TOPICAL TERM
Topical term or geographic name entry element English language
General subdivision Glossaires, vocabularies
9 (RLIN) 137105
650 #0 - SUBJECT ADDED ENTRY--TOPICAL TERM
Topical term or geographic name entry element English language
General subdivision Composition and exercises
9 (RLIN) 3409
700 1# - ADDED ENTRY--PERSONAL NAME
Personal name Fowler, H. W.,
Relationship com
9 (RLIN) 147707
700 1# - ADDED ENTRY--PERSONAL NAME
Personal name Fowler, F. G.,
Relationship com
9 (RLIN) 147708
700 1# - ADDED ENTRY--PERSONAL NAME
Personal name Le Mesurier, H. G
9 (RLIN) 147709
887 ## - NON-MARC INFORMATION FIELD
Content of non-MARC field
901 ## - LOCAL DATA ELEMENT A, LDA (RLIN)
a G23070
b 02.11.1972
902 ## - LOCAL DATA ELEMENT B, LDB (RLIN)
a E423 P751
906 ## - LOCAL DATA ELEMENT F, LDF (RLIN)
a 0001684
949 ## - LOCAL PROCESSING INFORMATION (OCLC)
-- VIRTUAITEM
-- 10000
-- 100
6 GXX000023070ENG
942 ## - ADDED ENTRY ELEMENTS (KOHA)
Source of classification or shelving scheme Dewey Decimal Classification
Koha item type Books
Holdings
Withdrawn status Lost status Damaged status Not for loan Collection code Home library Current library Shelving location Date acquired Total Checkouts Full call number Barcode Date last seen Price effective from Koha item type
        New English National Library of India National Library of India New English - Main Stack Division     E423 P751 GXX000023070ENG 01/06/2021 01/06/2021 Books
                                                                           
web counter

Copyright ©2020 The National Library of India, Govt. of India ↔ Hosted by NVLI, MOC ↔ Technology and Design by National Library of India, Ministry of Culture, Govt. of India